[Event "IECC KO email"]
[Site "IECC email"]
[Date "1999.08.26"]
[Round "?"]
[White "Polaszek, Arkadiusz"]
[Black "Wong, Yam Kong"]
[Result "0-1"]
[WhiteElo "1844"]
[BlackElo "1715"]
[PlyCount "90"]
[EventDate "1999.??.??"]
[EventType "tourn (corr)"]
[EventRounds "6"]
[SourceTitle "Corr 2008"]
[Source "ChessBase"]
[SourceDate "2008.06.24"]
[SourceVersion "1"]
[SourceVersionDate "2008.06.24"]
[SourceQuality "1"]

1. e4 c5 2. Nf3 d6 3. d4 cxd4 4. Nxd4 Nf6 5. Nc3 a6 6. Be2 e5 7. Nf3 Be7 8. 0-0 0-0 9. Be3 Nbd7 10. Qd2 Qc7 11. Rad1 b5 12. Nh4 Nc5 13. f3 b4 14. Nb1 Rb8 15. Bf2 Rd8 16. c4 Be6 17. b3 a5 18. Qb2 g6 19. Nd2 Nh5 20. Rfe1 Nf4 21. Nf1 a4 22. Ne3 axb3 23. axb3 Ra8 24. Nc2 Nxe2+ 25. Rxe2 Nxb3 26. Nxb4 Qxc4 27. Nd3 Rdc8 28. Kh1 Ra6 29. g4 Rca8 30. Ng2 Ra1 31. Rxa1 Rxa1+ 32. Nde1 Nc1 33. Rc2 Qf1+ 34. Bg1 Nb3 35. Rc3 Rxe1 36. Nxe1 Qxe1 37. Rxb3 Bxb3 38. Qxb3 Qf1 39. Qe3 Bh4 40. g5 Kg7 41. f4 Qxf4 42. Qxf4 exf4 43. Bd4+ Kf8 44. Kg2 Bxg5 45. Kf3 h5 0-1

[Event "IECC CL4-1999.16"]
[Site "IECC email"]
[Date "1999.03.14"]
[Round "?"]
[White "Tomashewski, Peter"]
[Black "Wong, Yam Kong"]
[Result "1-0"]
[WhiteElo "1686"]
[BlackElo "1728"]
[PlyCount "97"]
[EventDate "1999.??.??"]
[EventType "tourn (corr)"]
[EventRounds "4"]
[SourceTitle "Corr 2008"]
[Source "ChessBase"]
[SourceDate "2008.06.24"]
[SourceVersion "1"]
[SourceVersionDate "2008.06.24"]
[SourceQuality "1"]

1. d4 d5 2. Nf3 Nf6 3. Bf4 g6 4. e3 Bg7 5. Bd3 Nbd7 6. Nbd2 0-0 7. Qe2 c5 8. c3 Qb6 9. Rb1 Re8 10. Bb5 a6 11. Ba4 Qa5 12. Bc2 c4 13. a3 Nh5 14. Bg3 e5 15. dxe5 Nxe5 16. Nd4 Bg4 17. f3 Bd7 18. 0-0 Nxg3 19. hxg3 Qc7 20. Qf2 f5 21. Rfd1 Re7 22. Nf1 Rd8 23. Ne2 Be8 24. Rd2 Bf7 25. Rbd1 Red7 26. Nh2 Qc5 27. Nd4 Nc6 28. f4 Re8 29. g4 Qe7 30. gxf5 Qxe3 31. Qxe3 Rxe3 32. Ne6 gxf5 33. Nxg7 Kxg7 34. Bxf5 Rd6 35. Kf2 Re8 36. Nf3 Rf6 37. Nh4 Ne7 38. g4 Nxf5 39. Nxf5+ Kf8 40. Kg3 h5 41. Rh2 Re4 42. Rd4 Re1 43. Nh4 hxg4 44. Kxg4 Rg1+ 45. Rg2 Rxg2+ 46. Nxg2 Rg6+ 47. Kf3 Ke7 48. Ne3 Kd6 49. Nxc4+ 1-0

[Event "IECC CL4-1999.16"]
[Site "IECC email"]
[Date "1999.03.14"]
[Round "?"]
[White "Wong, Yam Kong"]
[Black "Foch, Louis"]
[Result "0-1"]
[WhiteElo "1749"]
[BlackElo "1655"]
[PlyCount "70"]
[EventDate "1999.??.??"]
[EventType "tourn (corr)"]
[EventRounds "4"]
[SourceTitle "Corr 2008"]
[Source "ChessBase"]
[SourceDate "2008.06.24"]
[SourceVersion "1"]
[SourceVersionDate "2008.06.24"]
[SourceQuality "1"]

1. d4 Nf6 2. c4 d5 3. Nc3 e6 4. e3 Bb4 5. a3 Bxc3+ 6. bxc3 0-0 7. Bd3 e5 8. dxe5 dxc4 9. exf6 Qxd3 10. Qxd3 cxd3 11. fxg7 Kxg7 12. Bb2 Nc6 13. 0-0-0 Rd8 14. Nf3 Be6 15. Nd2 Na5 16. g4 Nb3+ 17. Nxb3 Bxb3 18. Rd2 c5 19. f3 c4 20. Rg2 Rd6 21. h4 Rad8 22. Kd2 Ba4 23. e4 Rf6 24. Rf2 Rb6 25. Bc1 Rb1 26. Rhf1 Ra1 27. Ke3 Rb1 28. h5 Kg8 29. g5 Bb3 30. f4 Ba4 31. Re1 Bc6 32. e5 Rd5 33. h6 Ra1 34. Ref1 Rb5 35. Kd2 Be4 0-1

[Event "IECC Swiss email"]
[Site "IECC email"]
[Date "1998.11.27"]
[Round "?"]
[White "Kamarudin, Petrus"]
[Black "Wong, Yam Kong"]
[Result "1-0"]
[WhiteElo "1916"]
[BlackElo "1751"]
[PlyCount "99"]
[EventDate "1998.??.??"]
[EventType "tourn (corr)"]
[EventRounds "6"]
[SourceTitle "Corr 2008"]
[Source "ChessBase"]
[SourceDate "2008.06.24"]
[SourceVersion "1"]
[SourceVersionDate "2008.06.24"]
[SourceQuality "1"]

1. e4 c5 2. Nf3 d6 3. d4 cxd4 4. Nxd4 Nf6 5. Nc3 a6 6. Be2 e5 7. Nb3 Be6 8. f4 Qc7 9. g4 h6 10. g5 hxg5 11. fxg5 Nfd7 12. Bg4 Nc6 13. Bxe6 fxe6 14. Be3 b5 15. Qg4 Nd8 16. a3 Nb6 17. 0-0-0 Nc4 18. Bd2 Qb7 19. Qe2 Rc8 20. Rdf1 a5 21. Na2 Qb6 22. h4 a4 23. Na1 Be7 24. Kb1 d5 25. exd5 exd5 26. h5 Ne6 27. h6 g6 28. Nb4 Qd6 29. Rd1 d4 30. Bc1 0-0 31. Qg4 Rf5 32. h7+ Kh8 33. Rh6 Ng7 34. c3 Nxa3+ 35. bxa3 Rxc3 36. Bb2 Bxg5 37. Rhh1 Rcf3 38. Nac2 Qf8 39. Nd3 Rf1 40. Rhxf1 Rxf1 41. Nxe5 Rxd1+ 42. Qxd1 Kxh7 43. Nxd4 Qf4 44. Nxb5 Bf6 45. Nd3 Qh4 46. Bxf6 Qxf6 47. Qxa4 Ne6 48. Nd6 Qc3 49. Qd7+ Ng7 50. Ne8 1-0